000
00258nam a2200097Ia 4500
008
200302s9999 xx 000 0 und d
100
_a
Eugene M. & Other
245
_a
Out Door Sketching In Door Painting
260
_b
Walter T. Foster Publication
300
_a
30 P.,
999
_c
564
_d
564